[Event "Fagernes op"]
[Site "Fagernes"]
[Date "2024.03.31"]
[Round "9"]
[White "Myagmarsuren, Evsuld"]
[Black "Okuno Okuno, Rion"]
[Result "0-1"]
[WhiteElo "2138"]
[BlackElo "1981"]
[PlyCount "96"]
[EventDate "2024.03.24"]
[EventType "swiss"]
[EventRounds "9"]
[EventCountry "NOR"]
[SourceTitle "CB14_2024"]
[SourceDate "2024.04.01"]
[SourceVersion "1"]
[SourceVersionDate "2024.04.01"]
[SourceQuality "1"]

1. e4 c5 2. Nf3 d6 3. d4 cxd4 4. Nxd4 Nf6 5. Nc3 a6 6. h3 e5 7. Nde2 h5 8. g3 Be7 9. Bg2 b5 10. Nd5 Nxd5 11. Qxd5 Ra7 12. Be3 Rb7 13. 0-0 Nd7 14. Qd2 Nf6 15. Rfd1 Be6 16. b3 Qc8 17. a4 Bxh3 18. Bxh3 Qxh3 19. axb5 Ng4 20. bxa6 Nh2 21. f4 Nf3+ 22. Kf2 Nxd2 23. axb7 Nxe4+ 24. Kf3 0-0 25. Ra8 f5 26. Rxf8+ Bxf8 27. Re1 Ng5+ 28. fxg5 Qg4+ 29. Kf2 Qb4 30. g6 Qxb7 31. Ra1 d5 32. Ra7 Qc6 33. c3 Bc5 34. Ra1 Bxe3+ 35. Kxe3 Qxg6 36. b4 h4 37. gxh4 f4+ 38. Kf2 Qd3 39. Ra8+ Kh7 40. Rf8 Qe3+ 41. Kf1 f3 42. Ng3 e4 43. Rf5 Qc1+ 44. Kf2 Qd2+ 45. Kf1 Qg2+ 46. Ke1 Qxg3+ 47. Kd2 f2 48. Ke2 Qg4+ 0-1

[Event "Iberoamerican-ch 9th"]
[Site "Panama City"]
[Date "2023.11.30"]
[Round "7"]
[White "Alvarado Perez, Coralys M"]
[Black "Okuno Okuno, Rion"]
[Result "0-1"]
[WhiteElo "1496"]
[BlackElo "1853"]
[PlyCount "92"]
[EventDate "2023.11.25"]
[EventType "swiss"]
[EventRounds "9"]
[EventCountry "PAN"]
[SourceTitle "CB49_2023"]
[SourceDate "2023.12.06"]
[SourceVersion "1"]
[SourceVersionDate "2023.12.06"]
[SourceQuality "1"]

1. e4 c5 2. g3 d5 3. Bg2 dxe4 4. Bxe4 Nf6 5. Bg2 Nc6 6. Ne2 g6 7. 0-0 Bg7 8. c3 Nd5 9. d3 0-0 10. Nd2 e5 11. Ne4 b6 12. h3 Bb7 13. Kh2 Qd7 14. f4 f5 15. Ng5 h6 16. Nf3 exf4 17. Bxf4 Kh7 18. Qc2 Rac8 19. Rad1 Rfe8 20. Rfe1 Qf7 21. Bc1 Re7 22. a3 Rce8 23. Nf4 Ne5 24. Nxe5 Bxe5 25. Qf2 Nxf4 26. Bxf4 Bxf4 27. gxf4 Bxg2 28. Rxe7 Rxe7 29. Qxg2 Qe8 30. Rd2 Qb8 31. Qg3 Qd6 32. Rg2 Re6 33. h4 h5 34. Kh1 Qd8 35. Kh2 Kg7 36. Rd2 Qe7 37. Qf2 Re3 38. d4 cxd4 39. cxd4 Qe4 40. d5 Kh6 41. d6 Re1 42. d7 Qh1+ 43. Kg3 Rg1+ 44. Qxg1 Qxg1+ 45. Kf3 Qf1+ 46. Ke3 Qe1+ 0-1

[Event "Iberoamerican-ch 9th"]
[Site "Panama City"]
[Date "2023.11.29"]
[Round "6"]
[White "Okuno Okuno, Rion"]
[Black "Amelunge Moreno, Oscar Alejandro"]
[Result "1-0"]
[WhiteElo "1853"]
[BlackElo "1162"]
[PlyCount "48"]
[EventDate "2023.11.25"]
[EventType "swiss"]
[EventRounds "9"]
[EventCountry "PAN"]
[SourceTitle "CB49_2023"]
[SourceDate "2023.12.06"]
[SourceVersion "1"]
[SourceVersionDate "2023.12.06"]
[SourceQuality "1"]

1. e4 e5 2. Nf3 Nc6 3. Bb5 Bc5 4. 0-0 d6 5. c3 a6 6. Ba4 b5 7. Bb3 Be6 8. Bxe6 fxe6 9. d4 exd4 10. cxd4 Bb6 11. d5 exd5 12. exd5 Ne5 13. Nxe5 dxe5 14. Qh5+ Kf8 15. Qxe5 Qf6 16. Qh5 Re8 17. Nc3 Bxf2+ 18. Kh1 Re1 19. Bg5 Rxf1+ 20. Rxf1 Qe5 21. Qf3+ Nf6 22. Bf4 Qd4 23. Qxf2 Qxf2 24. Rxf2 Kf7 1-0

[Event "Iberoamerican-ch 9th"]
[Site "Panama City"]
[Date "2023.11.28"]
[Round "5"]
[White "Morales, Carlos1"]
[Black "Okuno Okuno, Rion"]
[Result "1-0"]
[WhiteElo "2102"]
[BlackElo "1853"]
[PlyCount "109"]
[EventDate "2023.11.25"]
[EventType "swiss"]
[EventRounds "9"]
[EventCountry "PAN"]
[SourceTitle "CB49_2023"]
[SourceDate "2023.12.06"]
[SourceVersion "1"]
[SourceVersionDate "2023.12.06"]
[SourceQuality "1"]

1. Nf3 Nf6 2. c4 e6 3. Nc3 d5 4. e3 Be7 5. Qc2 0-0 6. b3 c5 7. cxd5 exd5 8. d4 Nc6 9. dxc5 Bxc5 10. Be2 d4 11. exd4 Bxd4 12. 0-0 Qa5 13. Bd2 Bf5 14. Qc1 Rac8 15. Bc4 Qd8 16. Nxd4 Nxd4 17. Rd1 Bc2 18. Re1 Bg6 19. Re5 Re8 20. Rxe8+ Qxe8 21. Qf1 Qd7 22. Bg5 Ne4 23. Nxe4 Bxe4 24. Rd1 Bc2 25. Rd2 Qg4 26. f3 Qxg5 27. Rxd4 b5 28. Bxb5 Qe3+ 29. Qf2 Qc1+ 30. Bf1 Qb1 31. Qd2 h6 32. Ra4 Bg6 33. Rc4 Re8 34. Rc1 Qf5 35. a4 Qe5 36. Bb5 Re7 37. Qc3 Qg5 38. Rd1 Kh7 39. Bc4 h5 40. Qd2 Qe5 41. h3 Qc5+ 42. Qf2 Qe5 43. f4 Qf6 44. Rd5 h4 45. f5 Bh5 46. Rd4 Re1+ 47. Kh2 Re5 48. Qxh4 Rxf5 49. Bd3 Qe5+ 50. Qf4 Bg6 51. Bxf5 Qxf5 52. Qxf5 Bxf5 53. b4 Kg6 54. Rd6+ f6 55. Ra6 1-0

[Event "Panama op 4th"]
[Site "Panama City"]
[Date "2023.11.08"]
[Round "4"]
[White "Okuno Okuno, Rion"]
[Black "Husbands, Orlando"]
[Result "0-1"]
[WhiteElo "1853"]
[BlackElo "2307"]
[PlyCount "62"]
[EventDate "2023.11.06"]
[EventType "swiss"]
[EventRounds "9"]
[EventCountry "PAN"]
[SourceTitle "CB46_2023"]
[SourceDate "2023.11.15"]
[SourceVersion "1"]
[SourceVersionDate "2023.11.15"]
[SourceQuality "1"]

1. e4 c5 2. Nf3 Nc6 3. d4 cxd4 4. Nxd4 g6 5. c4 Bg7 6. Be3 Nf6 7. Nc3 Ng4 8. Qxg4 Nxd4 9. Qd1 Ne6 10. Rc1 0-0 11. Bd3 d6 12. 0-0 Nc5 13. Bb1 a5 14. Qe2 b6 15. f4 Ra7 16. f5 e6 17. Nb5 Rd7 18. Qf2 exf5 19. exf5 Re8 20. Rce1 Be5 21. a3 a4 22. Bd4 Bb7 23. f6 Re6 24. Qh4 Nb3 25. Qh6 Rxf6 26. Bxe5 dxe5 27. Nc3 Rd2 28. Ne4 Qd4+ 29. Re3 Bxe4 30. Bxe4 Rf4 31. Qh3 Re2 0-1